LEADER 01166nam a2200277 u 4500 001 000000034503 003 CaOOAMICUS 005 20150511152658.0 008 980119s1997 vc u000 u ita u 020 $a8820924404 035 $a10780464 040 $aPUL(R)$bita 100 1 $aSuchecki, Zbigniew,$cO.F.M. Conv.$0(OLS)http://pul/name/5270 245 13$aLa Massoneria nelle disposizioni del "Codex Iuris Canonici" del 1917 e del 1983 /$cZbigniew Suchecki. 260 $aCittą del Vaticano :$bL.E.V.,$c1997. 300 $a243 p. ;$c23 cm 500 $aComprende indici. 504 $aBibliografia in nota 650 4$aMassoneria$xDiritto canonico.$0(OLS)http://pul/subject/17482 850 $aPUL 852 $aPUL$W1$xDP1 Filosofia 1$y19$m615 D 25$j47251$nBK-PRI$b $qStampati$B47251$CPULBib$Z2$F47251 $H $81 941 1 $a8 961 $aINV: 77165 corrente 996 $6020$a8820924404$9(OLS)http://pul/number/43304 996 $6245$aLa Massoneria nelle disposizioni del "Codex Iuris Canonici" del 1917 e del 1983$9(OLS)http://pul/title/47486 996 $6260$aCittą del Vaticano :$bL.E.V.$9(OLS)http://pul/publisher/60342 LEADER 01470nam a2200325 a 4500 001 000000149180 003 CaOOAMICUS 005 20160208104257.0 008 160208s2015 quc 000 u eng r 020 $a978-2-89689-302-7* 032 $aLibriCat 040 $aPUL$bita 082 04$a262.9 100 1 $aDaniel, William L.$0(OLS)http://pul/name/95153 245 14$aThe art of good governance :$ba guide to the administrative procedure for just decision making in the Catholic Church / $cWilliam L. Daniel. 260 $aMontreal :$bWilson & Lafleur,$c2015. 300 $axv, 275 p. ;$c24 cm. 490 1 $aGratianus series.$aSection monographs 500 $aBibliografia in nota. 650 4$aDiritto canonico$xStudi.$0(OLS)http://pul/subject/689 830 0$aGratianus series.$pSection monographs.$0(OLS)http://pul/title/147348 850 $aPUL 852 $aPUL$W1$xSL Diritto Canonico 3$y77$m262. 9 COLL 3.6.11$j171847$qDDC 21$B173411$CPULBib$Z2$F173411 $H127067 $81 941 1 $a9 983 0$aCollection Gratianus. 996 $6020$a978-2-89689-302-7*$9(OLS)http://pul/number/159562 996 $6082$a262.9$9(OLS)http://pul/classification/369 996 $6245$aThe art of good governance :$ba guide to the administrative procedure for just decision making in the Catholic Church / $9(OLS)http://pul/title/188090 996 $6260$aMontreal :$bWilson & Lafleur$9(OLS)http://pul/publisher/79541